| 000 | 00980nam a22002057a 4500 | ||
|---|---|---|---|
| 999 |
_c60745 _d60745 |
||
| 005 | 20231018161533.0 | ||
| 008 | 231018s1985 ru ||||| |||| 00| 0 rus d | ||
| 041 | _arus | ||
| 080 | _a730(32) П-12 | ||
| 100 |
_aПавлов, Всеволод Владимирович _920109 |
||
| 245 |
_aЕгипетская пластика малых форм / _cВ.В. Павлов, С.И. Ходжаш; Редактор К.Г. Глонти. |
||
| 264 |
_aМосква : _bИскусство, _c1985. |
||
| 300 |
_a117 с.: _bил. ; _c28 см. |
||
| 500 | _aბიბლიოგრაფია შენიშვნებში: გვ. 96-102. | ||
| 521 |
_aშენიშვნები: გვ. 96-102. _bრეზიუმე ინგლისურ ენაზე. |
||
| 653 | _aქანდაკება | ||
| 653 | _aძველი ეგვიპტე | ||
| 700 |
_aХоджаш, Светлана Измайловна _e ავტორი _920110 |
||
| 942 |
_2udc _cBK |
||